Statistics for O Vocabulary Words Quiz #1

Click here to take the quiz!

General Stats

  • This quiz has been taken 182,300 times
    (51,089 since last reset)
  • The average score is 15 of 22

Answer Stats

DefinitionWord% Correct
Japanese art of paper foldingOrigami
97%
Child who has no parentsOrphan
97%
Very overweightObese
97%
Eight-sided polygonOctagon
93%
Killer whaleOrca
87%
Animal that eats both plants and meatOmnivore
84%
Last Greek letterOmega
84%
Atmospheric layer that absorbs UV radiationOzone
80%
Newspaper death noticeObituary
79%
Process that causes rustOxidation
71%
Eloquent public speakerOrator
64%
All powerfulOmnipotent
63%
To stare at, perhaps with lustOgle
62%
Branch of medicine that deals with cancerOncology
62%
Monolith shaped liked the Washington MonumentObelisk
52%
Opposite of orientalOccidental
50%
Related to the sense of smellOlfactory
50%
To consecrate a priestOrdain
46%
Anise-flavoured liqueur, popular in GreeceOuzo
43%
Edible internal organs of an animalOffal
37%
Bird also known as a sea hawk or fish hawkOsprey
37%
Clay earth pigment; a shade of brown/orangeOchre
31%

Score Distribution

Percentile by Number Answered

Percent of People with Each Score

Your Score History

You have not taken this quiz since the last reset